[Event "Subic Bay Puregold op-A"]
[Site "Subic Bay"]
[Date "2016.12.15"]
[Round "4"]
[White "Panopio, Rodolfo Jr"]
[Black "Roma, Alvin"]
[Result "1-0"]
[WhiteElo "2223"]
[BlackElo "2219"]
[PlyCount "147"]
[EventDate "2016.12.13"]
[EventType "swiss"]
[EventRounds "9"]
[EventCountry "PHI"]
[SourceTitle "CBM 176 Extra"]
[Source "ChessBase"]
[SourceDate "2017.03.02"]
[SourceVersion "1"]
[SourceVersionDate "2017.03.02"]
[SourceQuality "1"]

1. e4 e6 2. d4 d5 3. Nc3 dxe4 4. Nxe4 Nd7 5. Nf3 Ngf6 6. Ng3 c5 7. Be2 Qc7 8. 0-0 Bd6 9. Re1 0-0 10. b3 b6 11. Bb2 Bb7 12. c4 Rfd8 13. Qc2 Rac8 14. Rad1 h6 15. a3 a5 16. dxc5 Bxc5 17. Nd4 Qb8 18. Bf1 Nf8 19. Qe2 Rd6 20. Nb5 Rxd1 21. Rxd1 Qf4 22. b4 axb4 23. axb4 Bxb4 24. Be5 Qh4 25. Rd4 Qg5 26. h4 Qg6 27. Qb2 N6d7 28. h5 Qg5 29. Bf4 Qe7 30. Bd6 Bxd6 31. Nxd6 Rb8 32. Rg4 Qf6 33. Qd2 Nc5 34. Rf4 Qa1 35. Nxf7 e5 36. Nxh6+ gxh6 37. Rg4+ Kf7 38. Qxh6 Nce6 39. Nf5 e4 40. Qe3 Bc6 41. h6 Qf6 42. Nd6+ Ke7 43. Nxe4 Bxe4 44. Rxe4 Nd7 45. g3 Ndc5 46. Rh4 Rh8 47. Bg2 Qg5 48. f4 Qf6 49. h7 Qd4 50. Qxd4 Nxd4 51. Rh6 Nd7 52. Be4 Nf6 53. Bd3 Ne6 54. Kg2 Kf7 55. Kf3 Kg7 56. Rg6+ Kf7 57. g4 Nf8 58. Rh6 Kg7 59. g5 N6d7 60. Bf5 Nc5 61. Rxb6 Nxh7 62. Rc6 Nb3 63. Rc7+ Kg8 64. Ke4 Nf8 65. Ke5 Rh4 66. Be4 Rg4 67. Bd5+ Kh8 68. Kf5 Rg1 69. Rf7 Nh7 70. g6 Nd4+ 71. Ke4 Rxg6 72. Kxd4 Rf6 73. c5 Rxf7 74. Bxf7 1-0

[Event "Subic Bay Puregold op-A"]
[Site "Subic Bay"]
[Date "2016.12.15"]
[Round "5"]
[White "Roma, Alvin"]
[Black "Fronda Pascua, Jan Jodilyn"]
[Result "1/2-1/2"]
[WhiteElo "2219"]
[BlackElo "2165"]
[PlyCount "68"]
[EventDate "2016.12.13"]
[EventType "swiss"]
[EventRounds "9"]
[EventCountry "PHI"]
[SourceTitle "CBM 176 Extra"]
[Source "ChessBase"]
[SourceDate "2017.03.02"]
[SourceVersion "1"]
[SourceVersionDate "2017.03.02"]
[SourceQuality "1"]

1. Nf3 d5 2. d4 Nf6 3. e3 c5 4. c3 Nc6 5. Nbd2 e6 6. a3 Be7 7. dxc5 Bxc5 8. b4 Be7 9. c4 0-0 10. Bb2 a6 11. Qb3 dxc4 12. Qxc4 Bd7 13. Be2 Rc8 14. Qb3 b5 15. 0-0 Qc7 16. Rac1 Qb8 17. Qa2 e5 18. Qa1 Bd6 19. h3 Rfe8 20. Nb3 Be6 21. Nc5 Bxc5 22. Rxc5 Nd7 23. Rcc1 f6 24. Nd2 Nb6 25. Rfd1 Ne7 26. Ne4 Na4 27. Nc3 Nxc3 28. Bxc3 Nd5 29. Be1 Nb6 30. Qb1 Rxc1 31. Rxc1 Rc8 32. Bd3 Rxc1 33. Qxc1 Nc4 34. Bxc4 Bxc4 1/2-1/2